000 00735nam a2200229Ii 4500
003 JO-AjNU
008 230605s9999||||xx |||||||||||||| ||und||
017 _a2008/1/249
020 _a9957-07-567-5
040 _aJO-AjNU
_bara
_erda
_cJO-AjNU
041 _aara
050 1 4 _aBF637.B4.K5232.2010
100 3 _aالخطيب،جمال,
_eauthor
_922858
245 0 0 _aتعديل السلوك الإنساني
250 _aط2
264 3 1 _aعمان:دار الفكر ناشرون وموزعون ،2010
300 _a319ص
336 _atext
_btxt
_2rdacontent
337 _aunmediated
_bn
_2rdamedia
338 _avolume
_bnc
_2rdacarrier
650 4 _aعلم نفس النمو-السلوك-سيكولوجية الشخصية
_922859
999 _aA8181
_c11749
_d11749